000 00342 a2200157 4500
001 45370
020 _a8504007073
040 _cAnchieta - Aquarius
100 _aMurray, Roseana
240 1 0 _aO mar e os sonhos
_lpor
245 1 0 _aO mar e os sonhos
300 _a
362 0 _a2004
650 4 _aLiteratura infanto-juvenil
942 _cBK
999 _c45370
_d45370